Riadenie rizík poisťovne v kontexte aplikácie projektu Solvency II

Salvato in:
Dettagli Bibliografici
Autore principale: Poljovka, Juraj
Natura: Capitolo di libro
Lingua:slovacco
Soggetti:
Tags: Aggiungi Tag
Nessun Tag, puoi essere il primo ad aggiungerne!!

MARC

LEADER 00000naa$a2200000$$$4500
001 0082366
005 20240502071926.7
041 0 |a slo 
044 |a SK 
245 1 0 |a Riadenie rizík poisťovne v kontexte aplikácie projektu Solvency II  |c Juraj Poljovka 
500 |a Abstrakt 
610 2 0 |a poisťovníctvo 
610 2 0 |a poisťovne 
610 2 0 |a riadenie rizík 
610 2 0 |a harmonizácia 
610 2 0 |a modely matematické 
100 1 |a Poljovka, Juraj